Jahres-Bericht.

Сохранить в:
Библиографические подробности
Формат:
Язык:Undetermined
Опубликовано: Hamburg Ostasiatischer Verein 1971
Предметы:
Метки: Добавить метку
Нет меток, Требуется 1-ая метка записи!
Thư viện lưu trữ: Trung tâm Học liệu Trường Đại học Cần Thơ
LEADER 00467nam a2200181Ia 4500
001 CTU_91278
008 210402s9999 xx 000 0 und d
082 |a 382.095 
082 |b J25 
245 0 |a Jahres-Bericht. 
260 |a Hamburg 
260 |b Ostasiatischer Verein 
260 |c 1971 
650 |a Commerce,Commerce 
650 |x Germany,East asia 
650 |z East asia,Germany 
904 |i Năm 
980 |a Trung tâm Học liệu Trường Đại học Cần Thơ